Las fuerzas de despliegue rápido, su eventual desplazamiento en América Latina /

Gespeichert in:
Bibliographische Detailangaben
1. Verfasser: Córdova Macías, Ricardo
Weitere Verfasser: Cavalla, Antonio
Format: Text
Tags: Tag hinzufügen
Keine Tags, Fügen Sie den ersten Tag hinzu!

MARC

LEADER 00000 a a2200000 04500
001 1811
003
040
100 |a Córdova Macías, Ricardo  
245 |a Las fuerzas de despliegue rápido, su eventual desplazamiento en América Latina /  |c Ricardo Córdova Macías ; Antonio Cavalla 
700 |a Cavalla, Antonio  
773 |g número 8; página 42  
999 |c 31862  |d 31862